Estadísticas para Banderas del Caribe

Haz click aquí para intentar la prueba.

Estadísticas generales

  • Esta prueba ha sido intentada 77 veces
  • La puntuación promedio es 34 de 52

Estadísticas de respuestas

Respuesta% Correcto
Panama
98%
Barbados
93%
Honduras
93%
Mexico
93%
Trinidad y Tobago
93%
Colombia
91%
Cuba
91%
El Salvador
91%
Guatemala
91%
Jamaica
91%
Nicaragua
91%
Republica Dominicana
91%
Venezuela
91%
Costa Rica
89%
Haiti
89%
Puerto Rico
89%
Granada
88%
Guyana
88%
San Vicente y las Granadinas
88%
Antigua y Barbuda
86%
Bahamas
86%
Dominica
86%
Santa Lucia
86%
Surinam
86%
Belice
84%
San Cristobal y Nieves
80%
Groenlandia
79%
Aruba
70%
Curazao
70%
Islas Virgenes de los Estados Unidos
64%
Martinica
57%
Islas Virgenes Britanicas
55%
Guadalupe
52%
Islas Turcas y Caicos
52%
Montserrat
52%
Bermudas
50%
Islas Caiman
50%
Anguila
48%
San Martin (Países Bajos)
48%
Bonaire
45%
Guayana Francesa
45%
San Pedro y Miquelon
45%
Islas Malvinas
36%
Isla de Saba
32%
Isla de Pascua
30%
San Eustaquio
27%
Islas Georgias del Sur y Sandwich del sur
20%
San Bartolome
20%
San Martin (Francia)
18%
San Andrés y Providencia
13%
Islas Galapagos
11%
Islas Juan Fernandez
9%

Distribución de puntuación

Porcentaje por número respondido

Porcentaje de gente con cada puntuación

Historial de tus puntuaciones

No has intentado esta prueba.